[Event "Brasschaat op 04th"]
[Site "Brasschaat"]
[Date "2004.08.25"]
[Round "5"]
[White "Sysmans, Erik"]
[Black "Van der Voort, Patrick"]
[Result "0-1"]
[WhiteElo "1357"]
[BlackElo "1317"]
[PlyCount "56"]
[EventDate "2004.08.21"]
[EventType "swiss"]
[EventRounds "9"]
[EventCountry "BEL"]
[SourceTitle "EXT 2017"]
[Source "ChessBase"]
[SourceDate "2016.10.25"]
[SourceVersion "1"]
[SourceVersionDate "2016.10.25"]
[SourceQuality "1"]

1. f4 d5 2. Nf3 c5 3. e3 Nf6 4. Be2 Nc6 5. 0-0 Bf5 6. a3 e6 7. d3 Bd6 8. Nbd2 0-0 9. c4 Re8 10. d4 Rc8 11. Ne5 cxd4 12. Nxc6 Rxc6 13. exd4 Qc7 14. cxd5 Nxd5 15. Bb5 Ne3 16. Qe2 Nxf1 17. Nxf1 Rxc1 18. Rxc1 Qxc1 19. Bxe8 Qxf4 20. Ng3 Qxd4+ 21. Kh1 Bg4 22. Qf1 Qd1 23. Qxd1 Bxd1 24. Ne4 Be5 25. b4 Kf8 26. Bb5 b6 27. Nf2 Bc2 28. Ng4 Bd4 0-1

[Event "Brasschaat op 03rd"]
[Site "Brasschaat"]
[Date "2003.08.24"]
[Round "2"]
[White "De Cock, Constant"]
[Black "Sysmans, Erik"]
[Result "1-0"]
[WhiteElo "1671"]
[BlackElo "1386"]
[PlyCount "101"]
[EventDate "2003.08.24"]
[EventType "swiss"]
[EventRounds "9"]
[EventCountry "BEL"]
[SourceTitle "EXT 2017"]
[Source "ChessBase"]
[SourceDate "2016.10.25"]
[SourceVersion "1"]
[SourceVersionDate "2016.10.25"]
[SourceQuality "1"]

1. e4 e5 2. Nf3 d6 3. d4 exd4 4. Nxd4 c5 5. Nf3 Nc6 6. Nc3 Nf6 7. Bg5 Be7 8. Bd3 0-0 9. Qd2 Be6 10. 0-0 Rb8 11. Rfe1 Bg4 12. Be2 Bxf3 13. Bxf3 Nd4 14. Bd1 b5 15. Bxf6 Bxf6 16. Nd5 Be5 17. f4 Bf6 18. c3 Ne6 19. Bc2 Nc7 20. Ne3 c4 21. Rac1 Be7 22. Nf5 Ne8 23. Qe3 Qc7 24. Kh1 a6 25. Qg3 Rd8 26. b3 cxb3 27. Bxb3 a5 28. Nh6+ Kh8 29. Nxf7+ Rxf7 30. Bxf7 Nf6 31. Bd5 Rf8 32. Qf3 h6 33. Rb1 Rb8 34. Rec1 Nxd5 35. exd5 Bf6 36. h3 Qc5 37. Qd3 a4 38. Rb4 Qf2 39. Rc2 Qe1+ 40. Kh2 Re8 41. Rxb5 g5 42. Qg6 Bg7 43. Rb7 Rg8 44. Rcb2 Qe8 45. Qxe8 Rxe8 46. fxg5 Be5+ 47. g3 hxg5 48. Rb8 Rxb8 49. Rxb8+ Kg7 50. Ra8 Bxc3 51. Rxa4 1-0

[Event "Brasschaat op 03rd"]
[Site "Brasschaat"]
[Date "2003.08.??"]
[Round "4"]
[White "Minyeyevtsev, Semen"]
[Black "Sysmans, Erik"]
[Result "1-0"]
[WhiteElo "2143"]
[BlackElo "1386"]
[PlyCount "49"]
[EventDate "2003.08.24"]
[EventType "swiss"]
[EventRounds "9"]
[EventCountry "BEL"]
[SourceTitle "EXT 2017"]
[Source "ChessBase"]
[SourceDate "2016.10.25"]
[SourceVersion "1"]
[SourceVersionDate "2016.10.25"]
[SourceQuality "1"]

1. e4 e5 2. Nf3 Nc6 3. Bb5 d6 4. c3 Bd7 5. 0-0 Nf6 6. Re1 a6 7. Ba4 Be7 8. d4 exd4 9. cxd4 0-0 10. h3 d5 11. e5 Ne4 12. Bb3 Bf5 13. Nbd2 Bb4 14. a3 Bxd2 15. Bxd2 Nxd2 16. Qxd2 Be6 17. Bc2 f6 18. exf6 Qxf6 19. Bxh7+ Kh8 20. Re3 Rae8 21. Rae1 Nd8 22. Bb1 Re7 23. Ne5 Bf5 24. Bxf5 Qxf5 25. Rf3 1-0